| 000 -LEADER |
| fixed length control field |
00893nam a22001937a 4500 |
| 003 - CONTROL NUMBER IDENTIFIER |
| control field |
OSt |
| 005 - DATE AND TIME OF LATEST TRANSACTION |
| control field |
20181101090738.0 |
| 008 - FIXED-LENGTH DATA ELEMENTS--GENERAL INFORMATION |
| fixed length control field |
180307b xxu||||| |||| 00| 0 spa d |
| 040 ## - CATALOGING SOURCE |
| Transcribing agency |
PJ |
| 100 ## - ASIENTO PRINCIPAL - NOMBRE DE PERSONA |
| 9 (RLIN) |
2227 |
| Personal name |
Scotti, Edgardo O. |
| 245 10 - MENCIÓN DE TÍTULO |
| Título propiamente dicho |
Derecho registral inmobiliario : |
| Parte restante del título |
Modalidades y efectos de las observaciones registrales/ |
| Mención de responsabilidad, etc |
Edgardo O. Scotti; prologo de Alberto D. Molinario. |
| 260 ## - PUBLICATION, DISTRIBUTION, ETC. (IMPRINT) |
| Place of publication, distribution, etc |
Buenos Aires : |
| Name of publisher, distributor, etc |
Univerdad; |
| Date of publication, distribution, etc |
1980. |
| 300 ## - DESCRIPCION FISICA |
| Extent |
235 p.; |
| Dimensions |
23 cm. |
| 504 ## - NOTA DE BIBLIOGRAFÍA, ETC. |
| Bibliography, etc |
Bibliografía: p 221-226.<br/> |
| 505 ## - FORMATTED CONTENTS NOTE |
| Formatted contents note |
Principio de legalidad -- Función de calificación -- Amplitud y limites -- Modalidades y recaudos de la calificación -- Desistimiento -- Aspectos calificables -- Efectos de la calificación -- Revisión de la calificación -- Documentos judiciales. |
| 650 #0 - ASIENTO SECUNDARIO DE MATERIA - TERMINO TEMATICO |
| 9 (RLIN) |
352 |
| Topical term or geographic name as entry element |
DERECHO CIVIL |
| 650 #0 - ASIENTO SECUNDARIO DE MATERIA - TERMINO TEMATICO |
| 9 (RLIN) |
1821 |
| Topical term or geographic name as entry element |
DERECHOS REALES |
| 942 ## - ADDED ENTRY ELEMENTS (KOHA) |
| Source of classification or shelving scheme |
|
| Koha item type |
Libros |
| Classification part |
347..235 |
| Item part |
SCO |